[Event "HUN-chT2 Barcza 1819"]
[Site "Hungary"]
[Date "2019.02.24"]
[Round "8.7"]
[White "Trembacz, Laszlo"]
[Black "Kun, Sandor2"]
[Result "1/2-1/2"]
[WhiteElo "1987"]
[BlackElo "1967"]
[PlyCount "34"]
[EventDate "2018.09.23"]
[EventType "team-tourn"]
[EventRounds "11"]
[EventCountry "HUN"]
[SourceTitle "CBM 189 Extra"]
[Source "ChessBase"]
[SourceDate "2019.05.31"]
[SourceVersion "1"]
[SourceVersionDate "2019.05.31"]
[SourceQuality "1"]
[WhiteTeam "Nyiregyhaza"]
[BlackTeam "Debrecen Sakkiskola"]
[WhiteTeamCountry "HUN"]
[BlackTeamCountry "HUN"]

1. e4 e5 2. Nf3 Nc6 3. d4 exd4 4. Bc4 Nf6 5. e5 d5 6. Bb5 Ne4 7. Nxd4 Bc5 8. Be3 0-0 9. Bxc6 bxc6 10. 0-0 Bxd4 11. Bxd4 c5 12. Be3 d4 13. Bf4 f6 14. Nd2 fxe5 15. Bxe5 Nxd2 16. Qxd2 Bb7 17. c4 Rf5 1/2-1/2

[Event "HUN-chT2 Barcza 1415"]
[Site "Hungary"]
[Date "2014.12.14"]
[Round "?"]
[White "Lengyel, Ferenc"]
[Black "Trembacz, Laszlo"]
[Result "1-0"]
[WhiteElo "2169"]
[BlackElo "1989"]
[PlyCount "105"]
[EventDate "2014.09.07"]
[EventType "team-tourn"]
[EventRounds "11"]
[EventCountry "HUN"]
[SourceTitle "EXT 2016"]
[Source "ChessBase"]
[SourceDate "2015.10.08"]
[SourceVersion "1"]
[SourceVersionDate "2015.10.08"]
[SourceQuality "1"]
[WhiteTeam "Debrecen Sakkiskola"]
[BlackTeam "Piremon"]
[WhiteTeamCountry "HUN"]
[BlackTeamCountry "HUN"]

1. d4 Nf6 2. Nf3 e6 3. g3 b6 4. Bg2 Bb7 5. 0-0 c5 6. c4 Be7 7. Nc3 0-0 8. d5 exd5 9. cxd5 d6 10. Nh4 Re8 11. Nf5 Bf8 12. Bf4 Bc8 13. Qc2 Na6 14. Rfe1 Qd7 15. Nh4 h6 16. Bd2 b5 17. e4 c4 18. Ne2 Nc5 19. Nd4 Nd3 20. Re2 Bb7 21. b3 Rac8 22. bxc4 bxc4 23. Bc3 Rc5 24. Ndf5 Qd8 25. Bd4 Ra5 26. Bc3 Rc5 27. h3 g6 28. Nd4 Bg7 29. Rb1 Ba8 30. Qa4 Qd7 31. Qa3 Qc7 32. Kh2 Rb8 33. Rxb8+ Qxb8 34. Nhf3 Nd7 35. Ne1 N7e5 36. Nec2 Nd7 37. Rd2 Rc8 38. Ne3 Qb6 39. Nec2 N7c5 40. Re2 Kh7 41. Nc6 Bxc3 42. Qxc3 Nc1 43. Rd2 Bxc6 44. dxc6 N1d3 45. Qxc4 Ne5 46. Qe2 Qxc6 47. f4 Ned3 48. Ne3 Qa6 49. Bf1 Rb8 50. Qd1 Nb2 51. Bxa6 Nxd1 52. Nxd1 Nxa6 53. Rxd6 1-0

[Event "HUN-chT2 Barcza 1415"]
[Site "Hungary"]
[Date "2014.09.07"]
[Round "?"]
[White "Trembacz, Laszlo"]
[Black "Bujdoso, Barnabas"]
[Result "1/2-1/2"]
[WhiteElo "1989"]
[BlackElo "1962"]
[PlyCount "73"]
[EventDate "2014.09.07"]
[EventType "team-tourn"]
[EventRounds "11"]
[EventCountry "HUN"]
[SourceTitle "EXT 2016"]
[Source "ChessBase"]
[SourceDate "2015.10.08"]
[SourceVersion "1"]
[SourceVersionDate "2015.10.08"]
[SourceQuality "1"]
[WhiteTeam "Piremon"]
[BlackTeam "Sajobabony"]
[WhiteTeamCountry "HUN"]
[BlackTeamCountry "HUN"]

1. e4 Nf6 2. Nc3 d5 3. e5 d4 4. exf6 dxc3 5. bxc3 gxf6 6. d4 Qd5 7. Nf3 Bg4 8. Be2 h5 9. h3 Bf5 10. Bf4 Qa5 11. Qd2 Nd7 12. 0-0 0-0-0 13. Rfb1 e5 14. Be3 Nb6 15. Bd3 Bd7 16. a4 Rg8 17. Kh1 Qd5 18. Rb5 Bxb5 19. Bxb5 a6 20. Bf1 Nc4 21. Qe2 Nxe3 22. fxe3 exd4 23. e4 Qa5 24. cxd4 Bd6 25. c4 c5 26. e5 fxe5 27. dxe5 Rge8 28. Qe4 Bc7 29. Rb1 b6 30. Qa8+ Bb8 31. Qc6+ Bc7 32. Qa8+ Kd7 33. Qd5+ Ke7 34. Qc6 Rd7 35. Qf6+ Kf8 36. Qh8+ Ke7 37. Qf6+ 1/2-1/2

[Event "HUN-chT2 Barcza 1213"]
[Site "Hungary"]
[Date "2013.04.21"]
[Round "11.7"]
[White "Miklosi, Attila"]
[Black "Trembacz, Laszlo"]
[Result "1/2-1/2"]
[WhiteElo "2043"]
[BlackElo "2042"]
[PlyCount "102"]
[EventDate "2012.09.16"]
[EventType "team-tourn"]
[EventRounds "11"]
[EventCountry "HUN"]
[SourceTitle "EXT 2014"]
[Source "ChessBase"]
[SourceDate "2013.11.20"]
[SourceVersion "1"]
[SourceVersionDate "2013.11.20"]
[SourceQuality "1"]
[WhiteTeam "Hajduboszormeny"]
[BlackTeam "Piremon"]
[WhiteTeamCountry "HUN"]
[BlackTeamCountry "HUN"]

1. d4 Nf6 2. Nf3 g6 3. Bf4 Bg7 4. Nc3 d6 5. Qd2 c6 6. e4 Be6 7. Ng5 Nbd7 8. f3 Nf8 9. 0-0-0 h6 10. Nxe6 Nxe6 11. Be3 Qa5 12. g4 0-0-0 13. Bc4 Kb8 14. h4 d5 15. exd5 Nxd5 16. Nxd5 Qxd2+ 17. Rxd2 cxd5 18. Bb3 a6 19. c3 Rd7 20. Re2 Rc8 21. Kd2 Re8 22. f4 Nd8 23. Rhe1 Nc6 24. Bc2 Na5 25. Bf2 Kc8 26. Bg3 b5 27. a4 Kb7 28. axb5 axb5 29. Bd3 Nc4+ 30. Kc2 Bf8 31. Ra1 Kb6 32. b3 Nd6 33. Kd1 Ra7 34. Rxa7 Kxa7 35. f5 Rc8 36. fxg6 fxg6 37. Bxd6 exd6 38. Kd2 Rc7 39. Bxg6 Be7 40. h5 Kb6 41. Kd3 Bg5 42. Re6 Rd7 43. Kc2 Rd8 44. Kb2 Bd2 45. Kc2 Bg5 46. Bf5 Kc6 47. Kb2 Bd2 48. Re2 Bg5 49. Ka3 Ra8+ 50. Kb4 Bc1 51. c4 dxc4 1/2-1/2

[Event "HUN-chT2 Barcza 1213"]
[Site "Hungary"]
[Date "2012.11.18"]
[Round "4.7"]
[White "Trembacz, Laszlo"]
[Black "Kassay, Krisztian"]
[Result "1-0"]
[WhiteElo "2042"]
[BlackElo "1850"]
[PlyCount "43"]
[EventDate "2012.09.16"]
[EventType "team-tourn"]
[EventRounds "11"]
[EventCountry "HUN"]
[SourceTitle "EXT 2014"]
[Source "ChessBase"]
[SourceDate "2013.11.20"]
[SourceVersion "1"]
[SourceVersionDate "2013.11.20"]
[SourceQuality "1"]
[WhiteTeam "Piremon"]
[BlackTeam "Miskolc Kisbocsok"]
[WhiteTeamCountry "HUN"]
[BlackTeamCountry "HUN"]

1. e4 c5 2. Nc3 d6 3. g3 g6 4. d3 Bg7 5. Be3 e6 6. Qd2 Ne7 7. Bg2 0-0 8. Bh6 Nbc6 9. h4 d5 10. h5 Bxc3 11. bxc3 Re8 12. Bg5 dxe4 13. Bf6 Qc7 14. dxe4 Qd8 15. Qg5 Rf8 16. Rd1 Bd7 17. e5 Qe8 18. Be4 Nf5 19. Bxf5 Nxe5 20. Be4 Ng4 21. Qxg4 Bc6 22. Qg5 1-0

[Event "HUN-chT2 Barcza 1112 "]
[Site "Hungary"]
[Date "2012.05.20"]
[Round "11"]
[White "Rakaczki, Csaba"]
[Black "Trembacz, Laszlo"]
[Result "1-0"]
[WhiteElo "2140"]
[BlackElo "2086"]
[PlyCount "43"]
[EventDate "2011.09.25"]
[EventType "team-tourn"]
[EventRounds "11"]
[EventCountry "HUN"]
[SourceTitle "EXT 2013"]
[Source "ChessBase"]
[SourceDate "2012.11.22"]
[SourceVersion "1"]
[SourceVersionDate "2012.11.22"]
[SourceQuality "1"]
[WhiteTeam "Debrecen Sakkbaratok"]
[BlackTeam "Piremon"]
[WhiteTeamCountry "HUN"]
[BlackTeamCountry "HUN"]

1. e4 e5 2. Nc3 Nf6 3. Bc4 Nc6 4. d3 Be7 5. Nge2 d6 6. 0-0 0-0 7. f4 Na5 8. f5 c6 9. a3 d5 10. Ba2 b6 11. Ng3 Nb7 12. Qf3 dxe4 13. Ngxe4 Nd6 14. Nxf6+ Bxf6 15. g4 Bb7 16. Qg3 e4 17. Bf4 Bxc3 18. bxc3 Nb5 19. Be5 Kh8 20. f6 g6 21. a4 exd3 22. cxd3 1-0

[Event "HUN-chT2 Barcza 1112 "]
[Site "Hungary"]
[Date "2012.05.06"]
[Round "10"]
[White "Doman, Csaba"]
[Black "Trembacz, Laszlo"]
[Result "1/2-1/2"]
[WhiteElo "1867"]
[BlackElo "2086"]
[PlyCount "74"]
[EventDate "2011.09.25"]
[EventType "team-tourn"]
[EventRounds "11"]
[EventCountry "HUN"]
[SourceTitle "EXT 2013"]
[Source "ChessBase"]
[SourceDate "2012.11.22"]
[SourceVersion "1"]
[SourceVersionDate "2012.11.22"]
[SourceQuality "1"]
[WhiteTeam "DEAC"]
[BlackTeam "Piremon"]
[WhiteTeamCountry "HUN"]
[BlackTeamCountry "HUN"]

1. d4 Nf6 2. Nf3 g6 3. Bf4 d6 4. e3 Bg7 5. Bd3 0-0 6. 0-0 Nbd7 7. c3 Re8 8. Nbd2 h6 9. e4 e5 10. Bg3 Nh5 11. Qc2 Nxg3 12. fxg3 Nf6 13. Rf2 c6 14. h3 Nh5 15. Kh2 Be6 16. Raf1 Qc7 17. Nc4 b5 18. Ne3 Rf8 19. b4 d5 20. dxe5 Bxe5 21. Nxe5 Qxe5 22. Rf3 a5 23. bxa5 Rxa5 24. exd5 cxd5 25. Bxg6 Ng7 26. Nf5 Nxf5 27. Bxf5 Rfa8 28. Bxe6 Qxe6 29. Qd3 Rxa2 30. Qxb5 Qe2 31. Qxe2 Rxe2 32. Rxf7 Raa2 33. h4 Rxg2+ 34. Kh3 h5 35. Rf8+ Kg7 36. R8f7+ Kg8 37. Rf8+ Kg7 1/2-1/2

[Event "HUN-chT2 Barcza 1011"]
[Site "Hungary"]
[Date "2010.11.21"]
[Round "6.10"]
[White "Szabo, Istvan"]
[Black "Trembacz, Laszlo"]
[Result "1-0"]
[WhiteElo "1979"]
[BlackElo "2086"]
[PlyCount "123"]
[EventDate "2010.09.12"]
[EventType "team-tourn"]
[EventRounds "11"]
[EventCountry "HUN"]
[SourceTitle "EXT 2012"]
[Source "ChessBase"]
[SourceDate "2011.11.24"]
[SourceVersion "1"]
[SourceVersionDate "2011.11.24"]
[SourceQuality "1"]
[WhiteTeam "Debrecen Betu"]
[BlackTeam "Piremon"]
[WhiteTeamCountry "HUN"]
[BlackTeamCountry "HUN"]

1. c4 e5 2. Nc3 Nc6 3. Nf3 Nf6 4. d3 Bb4 5. Bd2 0-0 6. a3 Be7 7. g3 d5 8. cxd5 Nxd5 9. Bg2 Be6 10. 0-0 h6 11. Rc1 Qd7 12. b4 Bd6 13. Ne4 f5 14. Nc5 Bxc5 15. Rxc5 Qd6 16. Qc1 e4 17. Ne1 Nd4 18. Qd1 b6 19. Rc1 Nf6 20. Bc3 c5 21. e3 Nb5 22. bxc5 bxc5 23. Bxf6 Rxf6 24. a4 Nc7 25. Qc2 Na6 26. dxe4 fxe4 27. Bxe4 Rb8 28. Bd3 Nb4 29. Qxc5 Bd7 30. Bb5 Bh3 31. Ng2 a6 32. Qxd6 Rxd6 33. Bc4+ Kf8 34. Rfd1 Rbd8 35. Rxd6 Rxd6 36. Nf4 Bd7 37. e4 g5 38. e5 Rd4 39. Ne6+ Bxe6 40. Bxe6 Re4 41. Rc4 Re1+ 42. Kg2 Nd3 43. Bf5 Nxe5 44. Re4 Rxe4 45. Bxe4 a5 46. f4 Nc4 47. fxg5 hxg5 48. Bc6 Kg7 49. Bb5 Ne5 50. h3 Kf6 51. g4 Nf7 52. Kg3 Ne5 53. h4 gxh4+ 54. Kxh4 Nf3+ 55. Kg3 Ng5 56. Kf4 Nf7 57. Ke4 Kg5 58. Be2 Nd8 59. Kd5 Kf6 60. Kc5 Ne6+ 61. Kb6 Nd4 62. Bd1 1-0

[Event "HUN-chT2 Barcza 1011"]
[Site "Hungary"]
[Date "2010.11.07"]
[Round "5.8"]
[White "Trembacz, Laszlo"]
[Black "Kiss, Gergely"]
[Result "1-0"]
[WhiteElo "2086"]
[BlackElo "2270"]
[PlyCount "53"]
[EventDate "2010.09.12"]
[EventType "team-tourn"]
[EventRounds "11"]
[EventCountry "HUN"]
[SourceTitle "EXT 2012"]
[Source "ChessBase"]
[SourceDate "2011.11.24"]
[SourceVersion "1"]
[SourceVersionDate "2011.11.24"]
[SourceQuality "1"]
[WhiteTeam "Piremon"]
[BlackTeam "Debrecen Sakkbaratok"]
[WhiteTeamCountry "HUN"]
[BlackTeamCountry "HUN"]

1. e4 c6 2. d4 d5 3. exd5 cxd5 4. c4 Nf6 5. Nc3 Nc6 6. Be3 g6 7. Nf3 Bg7 8. h3 0-0 9. Be2 a6 10. 0-0 Bf5 11. Nh4 Be6 12. c5 Ne4 13. Nf3 Bf5 14. Na4 Qc7 15. Nb6 Rad8 16. Qb3 Nf6 17. Rfd1 Rfe8 18. Bf1 Be4 19. Ng5 Bf5 20. g4 Bc8 21. Bg2 e6 22. Rac1 h6 23. Nf3 Nd7 24. g5 hxg5 25. Bxg5 f6 26. Bh4 Kf7 27. Bg3 1-0

[Event "HUN-chT2 Barcza 1011"]
[Site "Hungary"]
[Date "2010.09.26"]
[Round "2.10"]
[White "Sandor, Lajos"]
[Black "Trembacz, Laszlo"]
[Result "0-1"]
[WhiteElo "1847"]
[BlackElo "2086"]
[PlyCount "110"]
[EventDate "2010.09.12"]
[EventType "team-tourn"]
[EventRounds "11"]
[EventCountry "HUN"]
[SourceTitle "EXT 2012"]
[Source "ChessBase"]
[SourceDate "2011.11.24"]
[SourceVersion "1"]
[SourceVersionDate "2011.11.24"]
[SourceQuality "1"]
[WhiteTeam "Tiszavasvar"]
[BlackTeam "Piremon"]
[WhiteTeamCountry "HUN"]
[BlackTeamCountry "HUN"]

1. e4 e5 2. Nf3 Nc6 3. Bc4 Nf6 4. d3 Be7 5. Bg5 0-0 6. Bxf6 Bxf6 7. 0-0 d6 8. Nc3 Bg4 9. h3 Bh5 10. g4 Bg6 11. Nd5 Na5 12. Bb3 Nxb3 13. axb3 c6 14. Nc3 d5 15. Qd2 h6 16. Qe1 Re8 17. Kg2 Qd7 18. Na4 b6 19. Rd1 Rad8 20. Nc3 Qe7 21. Na2 Rd6 22. Qb4 c5 23. Qa4 Red8 24. Nc3 dxe4 25. dxe4 Qb7 26. Ra1 a5 27. Rfe1 Rd4 28. Qb5 Rb4 29. Qe2 Rbd4 30. Nxd4 exd4 31. Nd5 Qc6 32. f3 Bh4 33. Rf1 Re8 34. Nf4 Bh7 35. Qd3 b5 36. c3 Rxe4 37. Qd2 Re8 38. cxd4 Bg5 39. d5 Qd6 40. Kg3 f5 41. h4 fxg4 42. Kxg4 Bd8 43. Rae1 Rf8 44. Kg3 g5 45. Re6 Qxf4+ 46. Qxf4 gxf4+ 47. Kf2 Bd3 48. Rfe1 Bxh4+ 49. Kg2 Bxe1 50. Rxe1 Rd8 51. Re5 c4 52. Kh3 cxb3 53. Kg4 a4 54. Kxf4 a3 55. bxa3 b2 0-1

[Event "HUN-chT2 Barcza 1011"]
[Site "Hungary"]
[Date "2010.09.12"]
[Round "1.11"]
[White "Varro, Miklos"]
[Black "Trembacz, Laszlo"]
[Result "0-1"]
[WhiteElo "1607"]
[BlackElo "2086"]
[PlyCount "110"]
[EventDate "2010.09.12"]
[EventType "team-tourn"]
[EventRounds "11"]
[EventCountry "HUN"]
[SourceTitle "EXT 2012"]
[Source "ChessBase"]
[SourceDate "2011.11.24"]
[SourceVersion "1"]
[SourceVersionDate "2011.11.24"]
[SourceQuality "1"]
[WhiteTeam "Balkany"]
[BlackTeam "Piremon"]
[WhiteTeamCountry "HUN"]
[BlackTeamCountry "HUN"]

1. d4 Nf6 2. f4 g6 3. Nf3 Bg7 4. Nc3 0-0 5. e4 d6 6. Be2 Nbd7 7. 0-0 c6 8. h3 b5 9. Bd3 Qb6 10. Be3 e5 11. fxe5 dxe5 12. Qd2 Qc7 13. Rae1 Nh5 14. Ne2 Bb7 15. Bh6 exd4 16. Bxg7 Kxg7 17. Nfxd4 Ng3 18. Qc3 Nxe2+ 19. Rxe2 Qe5 20. Ref2 Rae8 21. Ne2 Qxc3 22. Nxc3 Nc5 23. Re2 Re7 24. b4 Ne6 25. Rfe1 Rd8 26. Re3 a6 27. Nd1 c5 28. c3 Red7 29. Nf2 Nf4 30. Bf1 Rd2 31. g3 Ne6 32. R1e2 cxb4 33. cxb4 R2d4 34. a3 Rc8 35. Re1 Rd2 36. R1e2 Rcc2 37. Rxd2 Rxd2 38. Rd3 Rxd3 39. Bxd3 h5 40. h4 Kf6 41. Kg2 Ke5 42. Kf3 Kd4 43. Ke2 Kc3 44. a4 bxa4 45. b5 axb5 46. Nd1+ Kb3 47. Kd2 Kb4 48. Nc3 Bc6 49. Nd5+ Kc5 50. Kc3 Bxd5 51. exd5 b4+ 52. Kb2 Kxd5 53. Bb5 a3+ 54. Ka2 Nd4 55. Bd3 Nf5 0-1

[Event "HUN-chT2 Barcza 0910"]
[Site "Hungary"]
[Date "2009.12.20"]
[Round "4.7"]
[White "Trembacz, Laszlo"]
[Black "Szilagyi, Tibor"]
[Result "0-1"]
[WhiteElo "2054"]
[BlackElo "2066"]
[PlyCount "48"]
[EventDate "2009.11.08"]
[EventType "team-tourn"]
[EventRounds "11"]
[EventCountry "HUN"]
[SourceTitle "EXT 2011"]
[Source "ChessBase"]
[SourceDate "2010.11.26"]
[SourceVersion "1"]
[SourceVersionDate "2010.11.26"]
[SourceQuality "1"]
[WhiteTeam "Tiszavasvar"]
[BlackTeam "Debrecen Sakkbaratok"]
[WhiteTeamCountry "HUN"]
[BlackTeamCountry "HUN"]

1. e4 e5 2. d4 exd4 3. Nf3 Nc6 4. Bc4 Nf6 5. e5 d5 6. Bb5 Ne4 7. Nxd4 Bd7 8. Bxc6 bxc6 9. 0-0 Bc5 10. Be3 Bb6 11. f3 Ng5 12. Qd2 Ne6 13. f4 Nxd4 14. Bxd4 Bf5 15. Na3 0-0 16. c3 f6 17. Kh1 fxe5 18. Bxe5 Qh4 19. Nc2 Rae8 20. Rae1 Bxc2 21. Qxc2 Rxf4 22. g3 Rxf1+ 23. Rxf1 Qh3 24. Re1 Rxe5 0-1

[Event "HUN-chT2 Barcza 0910"]
[Site "Hungary"]
[Date "2009.11.22"]
[Round "2.8"]
[White "Trembacz, Laszlo"]
[Black "Sztaray, Gyula"]
[Result "1-0"]
[WhiteElo "2054"]
[BlackElo "2038"]
[PlyCount "69"]
[EventDate "2009.11.08"]
[EventType "team-tourn"]
[EventRounds "11"]
[EventCountry "HUN"]
[SourceTitle "EXT 2011"]
[Source "ChessBase"]
[SourceDate "2010.11.26"]
[SourceVersion "1"]
[SourceVersionDate "2010.11.26"]
[SourceQuality "1"]
[WhiteTeam "Tiszavasvar"]
[BlackTeam "Debrecen Betu"]
[WhiteTeamCountry "HUN"]
[BlackTeamCountry "HUN"]

1. e4 e6 2. d4 d5 3. e5 c5 4. c3 Nc6 5. Nf3 Bd7 6. Bd3 Qb6 7. dxc5 Bxc5 8. 0-0 a6 9. Nbd2 Qc7 10. Nb3 Ba7 11. Qe2 Nge7 12. Bf4 Ng6 13. Bg3 Rc8 14. h4 f5 15. h5 Nge7 16. Rfe1 0-0 17. Bh4 Rce8 18. Nbd4 Nxd4 19. cxd4 Nc6 20. h6 g6 21. Rac1 Qb6 22. Bf6 Nxd4 23. Nxd4 Qxd4 24. Rc7 Rf7 25. Rxb7 Bb5 26. Rxf7 Bxd3 27. Rg7+ Kf8 28. Qd2 Rb8 29. Rxa7 Qxa7 30. Qxd3 Kf7 31. Re2 Rb7 32. Rc2 Qb6 33. Bg5 Qa5 34. Qc3 Qxa2 35. Qc8 1-0

[Event "HUN-chT2 Barcza 0809"]
[Site "Hungary"]
[Date "2008.11.02"]
[Round "2.5"]
[White "Filep, Ferenc"]
[Black "Trembacz, Laszlo"]
[Result "1-0"]
[WhiteElo "2056"]
[BlackElo "2061"]
[PlyCount "57"]
[EventDate "2008.10.26"]
[EventType "tourn"]
[EventRounds "11"]
[EventCountry "HUN"]
[SourceTitle "EXT 2010"]
[Source "ChessBase"]
[SourceDate "2010.11.25"]
[SourceVersion "1"]
[SourceVersionDate "2010.11.25"]
[SourceQuality "1"]
[WhiteTeam "TEVA SE"]
[BlackTeam "Tiszavasvar"]
[WhiteTeamCountry "HUN"]
[BlackTeamCountry "HUN"]

1. e4 e5 2. Nf3 Nc6 3. Bb5 a6 4. Ba4 Nf6 5. Qe2 b5 6. Bb3 Be7 7. c3 0-0 8. 0-0 d6 9. d3 Na5 10. Bc2 c5 11. Re1 h6 12. Nbd2 Re8 13. Nf1 Bf8 14. Ng3 g6 15. h3 Bg7 16. Nh2 d5 17. f4 exf4 18. Bxf4 dxe4 19. dxe4 Bb7 20. Qf2 Qe7 21. Rad1 Rad8 22. Rxd8 Rxd8 23. e5 Nd5 24. Ng4 h5 25. Nh2 Nxf4 26. Qxf4 Nc4 27. e6 Rd2 28. Be4 fxe6 29. Qb8+ 1-0

[Event "HUN-chT2 Barcza 0607"]
[Site "Hungary"]
[Date "2007.05.20"]
[Round "11"]
[White "Trembacz, Laszlo"]
[Black "Belteczky, Mihaly"]
[Result "1-0"]
[WhiteElo "2054"]
[BlackElo "1957"]
[PlyCount "53"]
[EventDate "2006.11.12"]
[EventType "team-tourn"]
[EventRounds "11"]
[EventCountry "HUN"]
[SourceTitle "EXT 2008"]
[Source "ChessBase"]
[SourceDate "2007.11.25"]
[SourceVersion "1"]
[SourceVersionDate "2007.11.25"]
[SourceQuality "1"]
[WhiteTeam "Tiszavasvar"]
[BlackTeam "Piremon"]
[WhiteTeamCountry "HUN"]
[BlackTeamCountry "HUN"]

1. e4 c5 2. Nc3 Nc6 3. g3 g6 4. d3 Bg7 5. Be3 d6 6. Qd2 a6 7. Bg2 Bd7 8. Nge2 Nd4 9. 0-0 e6 10. Rae1 Ne7 11. Nd1 0-0 12. c3 Nxe2+ 13. Rxe2 Bb5 14. c4 Bc6 15. Bh6 Re8 16. Bxg7 Kxg7 17. d4 b5 18. d5 exd5 19. cxd5 Bb7 20. f4 Nc8 21. f5 f6 22. fxg6 hxg6 23. Ref2 Rf8 24. Ne3 Nb6 25. Ng4 g5 26. Nxf6 Rxf6 27. Qxg5+ 1-0

[Event "HUN-chT2 Barcza 0607"]
[Site "Hungary"]
[Date "2006.12.03"]
[Round "3"]
[White "Trembacz, Laszlo"]
[Black "Csukerda, Attila"]
[Result "0-1"]
[WhiteElo "2054"]
[BlackElo "2102"]
[PlyCount "82"]
[EventDate "2006.11.12"]
[EventType "team-tourn"]
[EventRounds "11"]
[EventCountry "HUN"]
[SourceTitle "EXT 2008"]
[Source "ChessBase"]
[SourceDate "2007.11.25"]
[SourceVersion "1"]
[SourceVersionDate "2007.11.25"]
[SourceQuality "1"]
[WhiteTeam "Tiszavasvar"]
[BlackTeam "Edeleny II"]
[WhiteTeamCountry "HUN"]
[BlackTeamCountry "HUN"]

1. e4 c6 2. d4 d5 3. f3 e6 4. Be3 Qb6 5. Qc1 Nf6 6. Nd2 c5 7. c3 Nc6 8. e5 Nd7 9. dxc5 Bxc5 10. Bxc5 Nxc5 11. f4 0-0 12. Ngf3 f6 13. Be2 fxe5 14. fxe5 Nd7 15. Qc2 Qe3 16. Nf1 Qh6 17. Qd2 Qxd2+ 18. Kxd2 Ndxe5 19. Ne3 Nxf3+ 20. Bxf3 Ne5 21. Be2 Bd7 22. Rhf1 Rxf1 23. Rxf1 Rf8 24. c4 Rxf1 25. Bxf1 Bc6 26. Kc3 Kf7 27. b3 dxc4 28. bxc4 h5 29. Be2 g6 30. g3 Nf3 31. h4 Kf6 32. Nc2 Kf5 33. Bd3+ Be4 34. Ne3+ Ke5 35. Be2 Nd4 36. Bf1 Nf5 37. Nxf5 exf5 38. Be2 f4 39. gxf4+ Kxf4 40. Kd4 Bc6 41. Bd3 g5 0-1